| 000 | 01078nac a22003011u 4500 | ||
|---|---|---|---|
| 010 | _a 96035526 | ||
| 020 | _a0471138312 (cloth : alk. paper) | ||
| 082 | 0 | 0 |
_a337 _bWAL |
| 090 |
_c5908 _d5908 |
||
| 100 | _aWalther, Ted. | ||
| 245 | 1 | 4 |
_aThe world economy / _cTed Walther. |
| 260 |
_aNew York : _bWiley,c1997. _cc1997. |
||
| 300 |
_axviii, 419 p. : _bill. ; _c26 cm. |
||
| 500 | _aDistributer : Al-Ahram. | ||
| 504 | _aIncludes bibliographical references and index. | ||
| 511 | _aCatalogued By : Mahitab. | ||
| 650 | 0 | _aInternational economic relations. | |
| 650 | 0 | _aInternational trade. | |
| 650 | 0 | _aCommercial policy. | |
| 650 | 0 | _aBalance of payments. | |
| 650 | 0 | _aInternational finance. | |
| 650 | 0 | _aForeign exchange. | |
| 650 | 0 | _aDebts, Public. | |
| 650 | 0 | _aInternational economic integration. | |
| 856 | 4 | 2 |
_3Publisher description _uhttp://www.loc.gov/catdir/description/wiley032/96035526.html |
| 856 | 4 | 2 |
_3Table of Contents _uhttp://www.loc.gov/catdir/toc/onix03/96035526.html |
| 942 |
_cBB _k337WAL |
||
| 999 |
_c5908 _d5908 |
||